Most Spoken Turkic Languages - Statistics

General Stats
  • This quiz has been taken 52 times
  • The average score is 9 of 15
Answer Stats
Speakers Answer Primary Country % Correct
90 000 000 Turkish Turkey
100%
6 100 000 Turkmen Turkmenistan
96%
24 000 000 Azerbaijani Iran
93%
16 000 000 Kazakh Kazakhstan
91%
5 150 000 Kyrgyz Kyrgyzstan
91%
32 600 000 Uzbek Uzbekistan
91%
4 810 000 Tatar Russia
78%
13 000 000 Uyghur China
78%
750 000 Bashkir Russia
52%
740 000 Chuvash Russia
52%
450 000 Yakut Russia
26%
872 000 Karakalpak Uzbekistan
24%
1 000 000 Qashqai Iran
22%
520 000 Kumyk Russia
20%
900 000 Khorasani Turkic Iran
11%
No matching quizzes found
Score Distribution
Percent of People with Each Score
Percentile by Number Answered
Your Score History
You have not taken this quiz